LIBRARY & INFORMATION CENTRE, KCAET, TAVANUR

ONLINE PUBLIC ACCESS CATALOGUE (OPAC)

Magnetism fundamentals (Record no. 17553)

MARC details
000 -LEADER
fixed length control field 00328nam a22001457a 4500
003 - CONTROL NUMBER IDENTIFIER
control field OSt
008 - FIXED-LENGTH DATA ELEMENTS--GENERAL INFORMATION
fixed length control field 220827b |||||||| |||| 00| 0 eng d
020 ## - INTERNATIONAL STANDARD BOOK NUMBER
ISBN 8181284488
082 ## - DEWEY DECIMAL CLASSIFICATION NUMBER
Classification number 537
Item number LAC/MA
100 ## - MAIN ENTRY--AUTHOR NAME
Personal name ed, lacheisserie
245 ## - TITLE STATEMENT
Title Magnetism fundamentals
260 ## - PUBLICATION, DISTRIBUTION, ETC. (IMPRINT)
Name of publisher springer
Year of publication 2006
300 ## - PHYSICAL DESCRIPTION
Number of Pages 507
942 ## - ADDED ENTRY ELEMENTS (KOHA)
Koha item type Books
Holdings
Withdrawn status Lost status Damaged status Collection code Home library Current library Shelving location Date acquired Full call number Accession Number Koha item type
      General Books KAUAET KAUAET General Stacks 27/08/2022 537 LAC/MA 22170 Books
free website counter